000 00639nam a2200277Ia 4500
005 20260324150512.0
008 008 260324s9999 xx 000 0 eng d
020 _a9781003531487
037 _aEBOOK
040 _aCRL
040 _beng
040 _cCRL
041 _2eng
041 _aeng
084 _qCRL
100 _aJohn Keep
_91226639
245 0 _aContemporary History in the Soviet Mirror
260 _bTaylor and Francis
260 _c1964
365 _a
365 _b165
856 _uhttp://www.taylorfrancis.com/books/9781003531487
942 _cEBOOK
999 _c1836188
_d1836188